000 01185nam a2200277 a 4500
001 ebr10655450
003 CaPaEBR
006 m u
007 cr cn|||||||||
008 130304s2012 be ad sb 000 0 eng d
020 _z9789058679178
020 _z9789461660718 (e-book)
040 _aCaPaEBR
_cCaPaEBR
035 _a(OCoLC)834592335
050 1 4 _aLA13
_b.D47 2012eb
100 1 _aDepaepe, Marc.
245 1 0 _aBetween educationalization and appropriation
_h[electronic resource] :
_bselected writings on the history of modern educational systems /
_cby Marc Depaepe ; with a foreword by Marc Vervenne.
260 _aLeuven, Belgium :
_bLeuven University Press,
_c2012.
300 _a496 p. :
_bill.
504 _aIncludes bibliographical references.
533 _aElectronic reproduction.
_bPalo Alto, Calif. :
_cebrary,
_d2013.
_nAvailable via World Wide Web.
_nAccess may be limited to ebrary affiliated libraries.
650 0 _aEducation
_xHistory
_vTextbooks.
655 7 _aElectronic books.
_2local
710 2 _aebrary, Inc.
856 4 0 _uhttp://site.ebrary.com/lib/rucke/Doc?id=10655450
_zAn electronic book accessible through the World Wide Web; click to view
999 _c76439
_d76439